000 01188nam a2200241Ii 4500
003 JO-AjNU
005 20240629135808.0
008 230605s9999||||xx |||||||||||||| ||und||
040 _aJO-AjNU
_bara
_erda
_cJO-AjNU
041 _aara
050 1 4 _aK2400 2019
100 _aالمرسومي، كفاح علي عبد
_eمعد
_965826
245 0 0 _aتنفيذ الاحكام الاجنبية وآثارها القانونية: دراسة مقارنة في القانون العراقي والأردني =Implementation of Foreign Judgments and their Legal Effects: A Comparative study Between Iraqi and Jordanaian Law
_c/ اعداد كفاح علي عبد المرسومي ؛ اشراف عبد الحكيم محسن عطروش
264 3 1 _a2019
300 _a98 ورقة
336 _atext
_btxt
_2rdacontent
337 _aunmediated
_bn
_2rdamedia
338 _avolume
_bnc
_2rdacarrier
500 _aرسالة جامعية ( اطروحة ماجستير) جامعة عجلون الوطنية: كلية الحقوق، 2019
650 4 _aالاحكام الاجنبية-القانون
_958905
700 _aعطروش، عبد الحكيم محسن
_947372
_eمشرف
942 _2lcc
_cTHS
999 _c30048
_d30048